00807nam a22002177a 450000500170000001000150001702000270003203500140005903700130007308200160008624501030010226000400020527000450024530000260029050000510031670000250036770000180039294200300041099900190044095201300045920161130105950.0 aENG-116706 a9788184845792c1180.00 aEN-100238 bDBAD/PUB a338.6420954 aEntrepreneurship and labour in informal sector /cedited by B.P. Sarath Chandran [and] Bhawna Jha aNew DelhibRegal Publicationsc2016 aF-159, Rajouri GardenbNew Delhie110027 axviii,274p.c23cm(Hb) aIncludes bibliographical references and index aB.P. Sarath Chandran a Jha, Bhawna 2ddccENh338.6420954mENT c104852d104852 001040718NFICaDBADbBNd2016-11-30eDBAD/PUBg1180.00l0o338.6420954 ENTpEN-100238r2016-11-30 00:00:00t1v1180.00yEN